| 000 | 00822nam a2200229 a 4500 | ||
|---|---|---|---|
| 001 | 000002620 | ||
| 003 | DO-SdBNP | ||
| 005 | 20240305091221.0 | ||
| 008 | 090703s1998 dr 000 0 spa d | ||
| 020 | _a9768156082 | ||
| 040 |
_aDO-SdBNP _bspa _cBNPHU |
||
| 082 | 4 |
_a920.097293 _bN714p _222 |
|
| 100 | 1 |
_aNina, Juan B., _d1959- _q(Juan Bautista) _99246 |
|
| 245 | 1 | 0 |
_aPersonajes de San Cristóbal / _cJuan B. Nina. |
| 260 |
_aSanto Domingo : _bMediabyte, _c1998. |
||
| 300 |
_a258 p. ; _c21 cm. |
||
| 650 | 4 |
_aPolíticos _zSan Cristóbal (República Dominicana) _98263 _vBiografías |
|
| 650 | 4 |
_aMédicos _zSan Cristóbal (República Dominicana) _98264 _vBiografías |
|
| 650 | 4 |
_aEscritores _zSan Cristóbal (República Dominicana) _98265 _vBiografías |
|
| 910 | _aValidado. Control de calidad MMOLINA | ||
| 942 |
_2ddc _cLBS1 |
||
| 999 |
_c2456 _d2456 |
||